00230nam a22001097a 4500003000400000020001600004082001800020100001300038245003700051260002400088300000800112SGT a817409073-8 a621.042bN18R aRAI, G.D aNON-CONVENTIONAL ENERGY SOURCES  aDELHIbKHANNAc2018 a696